000 03236nam a2200361Ii 4500
001 CRC0KE23124PDF
003 BD-DhSAU
005 20151012144302.0
006 m|||||o||d||||||||
007 cr||||
008 130918s2014 fluadf ob 001 0 eng d
020 _a9781466588127 (ebook : PDF)
040 _aBD-DhSAU
_beng
_cBD-DhSAU
_erda
090 _aRC904
_b.K53 2014
092 _a616.61075
_bK467
245 0 0 _aKidney :
_btoxicological assessment /
_ceditor, Sang Geon Kim, Professor of Pharmacology, College of Pharmacy, Seoul National University, Seoul, South Korea.
264 1 _aBoca Raton, Fla. :
_bTaylor & Francis,
_c[2014]
300 _a1 online resource :
_btext file, PDF
336 _atext
_2rdacontent
337 _acomputer
_2rdamedia
338 _aonline resource
_2rdacarrier
504 _aIncludes bibliographical references and index.
505 0 _a1. Cellular organelle-based renal toxicity / Young-Jin Chun -- 2. Transcriptomic approaches to toxicity assessment / Dal Woong Choi, Woonun Jung, Il Je Cho, Min Sung Joo, Chan Gyu Lee, Sang Woo Lim, and Sang Geon Kim -- 3. Proteomic approaches to toxicity assessment / Sun Young Kim, So Jung Son, and Aree Moon -- 4. A metabolomics approach for evaluation of target-organ toxicity / Kyu-Bong Kim, A Jin Won, Suhkmann Kim, Byung Mu Lee, and Hyung Sik Kim -- 5. In silico approaches to study drug-induced renal toxicity / Rajiv Gandhi Govindaraj, Prasannavenkatesh Durai, and Sangdun Choi -- 6. Systems toxicology approaches / Hyobin Jeong, Sang Chul Rho, and Daehee Hwang -- 7. Introduction to virtual cell and its possible application to toxicity / Ji-Young Hong, Eun Bo Shim, and Kwang Hyun Cho -- 8. Molecular pathology of renal fibrosis / Inah Hwang, Joo young Huh, and Hunjoo Ha -- 9. Clinical implications of renal toxicity / Duk-Hee Kang -- 10. Classification of nephrotoxicants / Hang-Sik Roh, Jong-Kwon Lee, Tae-Sung Kim, Ji-Hyeon Seok, Ji-Hyun Yun,Ji-Young Yun, Saet-Byul Oh, Soon-Young Han and Jayoung Jeong.
520 _a"This book bridges the gap between advances in basic biology and chemistry and technological applications in the field of toxicity assessments. 10 chapters describe major areas of progress in the laboratory and clinic. In the first section, the aspects of cellular organelles are discussed. In the second, the basic principles and applications of modern toxicological tools such as transcriptomic, proteomic, and metabolomic approaches are covered. In the third section, the recent developments on molecular modeling and systems biology are described with an eye on the future establishment of virtual cell technology. Finally the clinical implications for the understanding of acute and chronic renal toxicity are studied"--Provided by publisher.
530 _aAlso available in print format.
650 0 _aKidneys
_xDiseases.
650 0 _aRenal pharmacology.
650 0 _aToxicity testing.
655 7 _aElectronic books.
_2lcsh
700 1 _aKim, Sang Geon,
_eeditor of compilation.
776 0 8 _iPrint version:
_z9781466588110 (hardback : alk. paper)
856 4 0 _uhttp://marc.crcnetbase.com/isbn/9781466588127
_qapplication/PDF
999 _c11373
_d11372